TOP 10 Biggest Cities In The United States - Statistics

General Stats
  • This quiz has been taken 73 times
  • The average score is 8 of 10
Answer Stats
Nr Residents Answer % Correct
2. 3.820.000 Los Angeles
100%
1. 8.258.000 New York
100%
3. 2.664.000 Chicago
95%
9. 1.302.000 Dallas
89%
4. 2.314.000 Houston
87%
6. 1.550.000 Philadelphia
78%
5. 1.652.000 Phoenix
71%
7. 1.496.000 San Antonio
67%
8. 1.388.000 San Diego
67%
10. 970.000 San Jose
49%
No matching quizzes found
Score Distribution
Percent of People with Each Score
Percentile by Number Answered
Your Score History
You have not taken this quiz